000
00275nam a2200109Ia 4500
008
230907s9999||||xx |||||||||||||| ||und||
082
_a
5.8
_b
CYB
100
_a
Brooks, Charles J.,
_9
115865
245
0
_a
Cybersecurity essentials /
300
_a
xxvi, 758 pages :
942
_c
BK
999
_c
600005
_d
600005